A Random Quiz About Russia - Statistics

General Stats
  • This quiz has been taken 21 times
  • The average score is 7 of 10
Answer Stats
Hint Answer % Correct
What's the biggest country to border Russia? China
100%
At war with this country Ukraine
100%
When did the Soviet Union collapse? 1991
94%
When did the Russian Empire collapse? 1917
88%
What language family is Russian in? Slavic
88%
One of Russia's best allies (starts with i) India
76%
How many time zones does Russia have? 11
65%
What is Russia's largest island? Sakhalin
53%
National animal of Russia Brown bear
24%
Estimated population of Russia 146,000,000
12%
No matching quizzes found
Score Distribution
Percent of People with Each Score
Percentile by Number Answered
Your Score History
You have not taken this quiz